Statistiques concernant Culture Générale - Série 1346

Cliquez ici pour prendre le quiz!

Statistiques générales

  • Ce quiz a été pris 40 fois
  • Le résultat moyen est 5 sur 10

Statistiques - réponses

QuestionRéponse% Correct
Lorsqu'on se croit très important, on se prend pour le nombril du...monde
97%
Quel chanteur français interprète “Les Bals populaires” et “Le Rire du sergent” dans les années 1970 ?Michel Sardou
74%
De quelle femme, enlevée par le Troyen Pâris, Hermione est-elle la fille ?Hélène
68%
Dans quelle île du Morbihan les habitants sont-ils appelés les Groisillons ?île de Groix
66%
Le 10 avril 1912, de quel port anglais le "Titanic" a-t-il appareillé ?Southampton
53%
A quel écrivain allemand doit-on le drame "Faust" entre 1773 et 1832 ?Goethe
34%
Dans quel pays trouve-t-on le cratère du Ngorongoro ?Tanzanie
32%
Quel corps gazeux a pour symbole chimique O3 ?ozone
21%
Dans les années 60, quel pilote écossais, prénommé Jim, a établi un record de 25 victoires en Grand Prix, sur les 72 qu'il a disputés durant sa brève carrière ?Jim Clark
18%
Quel est l'autre nom de la mer des Caraïbes ?mer des Antilles
16%

Distribution des résultats

Percentile par nombre de réponses

% des personnes avec chaque résultat

Votre développement - résultats

Vous n’avez pas pris ce quiz